Regions of Finland - Sudden Death - Statistics

General Stats
  • This quiz has been taken 43 times
  • The average score is 10 of 18
Answers on the Grid
Answers color-coded by a green-red scale on the quiz's grid according to % correct below.
Inkeri
Vienan Karjala
Pirkanmaa
Häme
Lappi
Pohjois-Karjala
Pohjanmaa
Ahvenanmaa
Kainuu
Varsinais-Suomi
Norrbotten
Pohjois-Pohjanmaa
Petsamo
Waasamaa
Finnmark
Võrumaa
Viipurin lääni
Päijät-Häme
Etelä-Karjala
Komi
Satakunta
Etelä-Savo
Helsinki
Etelä-Pohjanmaa
Saaremaa
Pohjois-Savo
Yhdysvallat
Suðurland
Kuusamo
Kanta-Häme
Keski-Suomi
Uusimaa
Keski-Pohjanmaa
Komimaa
Länsi-Pohjanmaa
Tornionlaakso
 
Answer Stats
Answer % Correct
Lappi
74%
Pirkanmaa
68%
Uusimaa
65%
Pohjois-Karjala
61%
Varsinais-Suomi
61%
Ahvenanmaa
58%
Etelä-Karjala
55%
Etelä-Savo
55%
Keski-Suomi
55%
Pohjois-Pohjanmaa
55%
Kainuu
52%
Pohjanmaa
52%
Etelä-Pohjanmaa
48%
Kanta-Häme
48%
Keski-Pohjanmaa
48%
Päijät-Häme
48%
Pohjois-Savo
48%
Satakunta
48%
No matching quizzes found
Score Distribution
Percent of People with Each Score
Percentile by Number Answered
Your Score History
You have not taken this quiz